A locatio conductio a klasszikus kori római jogban

Elmentve itt :
Bibliográfiai részletek
Szerző: Molnár Imre
Dokumentumtípus: Könyv
Megjelent: 2013
Kulcsszavak:római jog
kötelmi jog
szerződések
Tárgyszavak:
Online Access:http://eta.bibl.u-szeged.hu/3949
LEADER 00713nnm a2200229 i 4500
001 eta3949
005 20201202152820.0
008 201202s2013 hu o 0|| hun d
040 |a SZTE Elektronikus Tananyag Archívum  |b hun 
041 |a hun 
100 1 |a Molnár Imre 
245 1 2 |a A locatio conductio a klasszikus kori római jogban  |h [elektronikus dokumentum] /  |c  Molnár Imre 
260 |c 2013 
300 |a 197 
516 |a Book 
650 4 |a Társadalomtudományok 
650 4 |a Jogtudomány 
650 4 |a Jog, kriminológia, büntetéstudomány 
695 |a római jog 
695 |a kötelmi jog 
695 |a szerződések 
856 4 0 |u https://eta.bibl.u-szeged.hu/3949/1/2010-0012_05_02.pdf  |z Dokumentum-elérés